000 00336nam a22001577a 4500
003 NUST
020 _a978969988073
038 _aWASEEM
082 _a297.09 AME
100 _aSyed Ameer Ali
_935741
245 _aThe spirt of Islam
260 _aLahore
_bPeace publication
_c2014
300 _a514
563 _aHB.
942 _cBK
_2ddc
999 _c13117
_d13117